Engineering Physics. V1 (Record no. 140991)

MARC details
000 -LEADER
fixed length control field 00348nam a2200145Ia 4500
008 - FIXED-LENGTH DATA ELEMENTS--GENERAL INFORMATION
fixed length control field 230917s9999||||xx |||||||||||||| ||und||
040 ## - CATALOGING SOURCE
-- 128785
Original cataloging agency VIVEKANANDA LIBRARY
041 ## - Language
-- English
082 ## - DDC NUMBER
Classification number 621 S84E
100 ## - MAIN ENTRY--PERSONAL NAME
Personal name Satya Prakash
245 #0 - TITLE STATEMENT
Title Engineering Physics. V1
260 ## - PUBLICATION, DISTRIBUTION, ETC. (IMPRINT)
Place of publication, distribution, etc Meerut
Name of publisher, distributor, etc Pragati Prakashan
Date of publication, distribution, etc 2007
300 ## - PHYSICAL DESCRIPTION
Pages 504 p.
942 ## - ADDED ENTRY ELEMENTS (KOHA)
Koha item type Books
Holdings
Withdrawn status Lost status Damaged status Not for loan Location (home branch) Sublocation or collection (holding branch) Shelving location Date acquired Koha issues (times borrowed) Koha full call number Accession No. Koha date last seen Koha item type
        VIVEKANANDA LIBRARY VIVEKANANDA LIBRARY UIET Library 25/01/2011   621 S84E 245490 17/09/2023 Books
        VIVEKANANDA LIBRARY VIVEKANANDA LIBRARY UIET Library 25/01/2011 2 621 S84E 245492 24/09/2025 Books
        VIVEKANANDA LIBRARY VIVEKANANDA LIBRARY UIET Library 25/01/2011   621 S84E 245493 17/09/2023 Books
        VIVEKANANDA LIBRARY VIVEKANANDA LIBRARY UIET Library 25/01/2011   621 S84E 245494 17/09/2023 Books
        VIVEKANANDA LIBRARY VIVEKANANDA LIBRARY UIET Library 25/01/2011   621 S84E 245495 17/09/2023 Books
        VIVEKANANDA LIBRARY VIVEKANANDA LIBRARY UIET Library 25/01/2011   621 S84E 245496 17/09/2023 Books
        VIVEKANANDA LIBRARY VIVEKANANDA LIBRARY UIET Library 25/01/2011   621 S84E 245497 17/09/2023 Books
        VIVEKANANDA LIBRARY VIVEKANANDA LIBRARY UIET Library 25/01/2011   621 S84E 245498 17/09/2023 Books
        VIVEKANANDA LIBRARY VIVEKANANDA LIBRARY UIET Library 25/01/2011   621 S84E 245499 17/09/2023 Books
        VIVEKANANDA LIBRARY VIVEKANANDA LIBRARY UIET Library 25/01/2011 2 621 S84E 245500 11/09/2024 Books
        VIVEKANANDA LIBRARY VIVEKANANDA LIBRARY UIET Library 25/01/2011   621 S84E 245502 17/09/2023 Books
        VIVEKANANDA LIBRARY VIVEKANANDA LIBRARY UIET Library 25/01/2011   621 S84E 245503 17/09/2023 Books
        VIVEKANANDA LIBRARY VIVEKANANDA LIBRARY UIET Library 25/01/2011   621 S84E 245504 17/09/2023 Books
© Designed and Maintained by Vivekananda Library, MDU Rohtak